L'autorità perduta (Record n. 209999)

Dettagli MARC
000 -LEADER
fixed length control field 01595nam a2200205Ia 4500
001 - CONTROL NUMBER
control field b6988-50883
003 - CONTROL NUMBER IDENTIFIER
control field IT-MiCISF
008 - FIXED-LENGTH DATA ELEMENTS--GENERAL INFORMATION
fixed length control field 161014s9999||||xx |||||||||||||| ||und||
040 ## - CATALOGING SOURCE
Original cataloging agency IT-MiCISF
Transcribing agency IT-MiCISF
041 ## - LANGUAGE CODE
Language code of text/sound track or separate title it
999 ## - SYSTEM CONTROL NUMBERS (KOHA)
Koha Dewey Subclass [OBSOLETE] si
100 ## - MAIN ENTRY--PERSONAL NAME
Personal name Crepet Paolo
245 #0 - TITLE STATEMENT
Title L'autorità perduta
Remainder of title Il coraggio che i figli ci chiedono
250 ## - EDITION STATEMENT
Edition statement 1a ed.
260 ## - PUBLICATION, DISTRIBUTION, ETC. (IMPRINT)
Place of publication, distribution, etc. Torino
Name of publisher, distributor, etc. Einaudi
Date of publication, distribution, etc. 2011
300 ## - PHYSICAL DESCRIPTION
Extent pp. 192
500 ## - GENERAL NOTE
General note / educazione-bambini, società, famiglia, autorità-parentale, tossicodipendenza, scuola, adolescenza, giovani, disoccupazione, politica-familiare, educazione-genitori / Bambini maleducati, adolescenti senza regole, ragazzi ubriachi e indifferenti, giovani senza occupazione che, invece di prendere in mano la propria vita, vegetano senza studiare né lavorare. Genitori che si lamentano di una generazione arresa e senza passioni, che sembra aver perso anche la capacità di stupirsi. Ma ad arrendersi per primi sono stati proprio i genitori, che con la loro accondiscendenza hanno sottratto ai figli l'essenziale, ossia il desiderio, salvaguardando un quotidiano quieto vivere privo di emozioni e ambizioni dove rimbomba soltanto l'elenco delle lamentele contro la società e la politica, come se questo mondo non l'avessero creato proprio loro. Un pamphlet severo ma anche pieno di speranza, con cui Crepet ribadisce tenacemente che educare significa soprattutto preparare le nuove generazioni alle difficili, ma anche meravigliose, sfide del futuro.
650 ## - SUBJECT ADDED ENTRY--TOPICAL TERM
Topical term or geographic name as entry element Genitorialità e problemi educativi / educazione
Relator term 004
942 ## - ADDED ENTRY ELEMENTS (KOHA)
Koha item type LIBRO
957 ## -
-- 1
999 ## - SYSTEM CONTROL NUMBERS (KOHA)
-- 1
Dati di copia
Withdrawn status Lost status Damaged status Not for loan Home library Current library Date acquired Total Checkouts Full call number Date last seen Price effective from Koha item type Public note
    Buone Condizioni Not For Loan CISF - Milano CISF - Milano 14/10/2016   b6988-50883 14/10/2016 14/10/2016 LIBRO Data import 15.10.2016 / by Epidotti, Vaglietti
CREDITS: SOCIETA' SAN PAOLO Via A.Severo, 58 - ROMA (RM) & PERIODICI SAN PAOLO SRL Via Giotto, 36 MILANO & CISF Via Giotto, 36 MILANO & EDIZIONI SAN PAOLO SRL,  Piazza Soncino, 5 CINISELLO BALSAMO (MI) -- ITALY